| 000 | 00744nam a2200181 i 4500 | ||
|---|---|---|---|
| 001 | 77843 | ||
| 003 | ES-MaACL | ||
| 005 | 20250831072554.0 | ||
| 007 | t| | ||
| 008 | 041111s1914 fr ||||1| fre d | ||
| 080 | _a26(04) | ||
| 245 | 0 | 0 | _aHistoire de l'Eglise depuis sa fondation jusqu'áa nos jours. Abrégé sommaire áa l'usage de la jeunesse, par Une réunion de professeurs. Ouvrage approuvé par LL. EE. les cardinaux de Reims et de Lyon, LL. GG. les archevêques de Tours et de Chambéry et NN. SS. les évêques de Tarentas. |
| 260 |
_aTours : _bMaison A. Mame et Fils, _c1914. |
||
| 300 |
_a280 p. ; _c18 cm. |
||
| 650 | 0 | 7 |
_aHistoria eclesiástica _2embne _913400 |
| 852 |
_aES-MaACL _jE-10330 |
||
| 999 |
_c77843 _d77843 |
||